Börsensprache Kleines Lexikon der Börsenbegriffe

Uložené v:
Podrobná bibliografia
Médium: Kniha
Jazyk:German
Vydavateľské údaje: Zürich Ressort Börse 1990
Vydanie:5. Aufl.
Predmet:
Tagy: Pridať tag
Žiadne tagy, Buďte prvý, kto otaguje tento záznam!

MARC

LEADER 00000nam a2200000 4500
001 c002145
005 20221215125240.1
041 0 |a ger 
044 |a CH 
245 1 0 |a Börsensprache  |b Kleines Lexikon der Börsenbegriffe 
250 |a 5. Aufl. 
264 1 |a Zürich  |b Ressort Börse  |c 1990 
300 |a 82 s. 
610 2 0 |a burzy 
610 2 0 |a pojmy 
610 2 0 |a terminológia